| 000 -ლიდერი |
| ფიქსირებული სიგრძის საკონტროლო ველი |
01305nam a22002417a 4500 |
| 003 - საკონტროლო ნომრის იდენტიფიკატორი |
| საკონტროლო ველი |
Ge_BSU |
| 005 - ბოლო ოპერაციის თარიღი და დრო |
| საკონტროლო ველი |
20230703101112.0 |
| 008 - ფიქსირებული სიგრძის მონაცემთა ელემენტები - ზოგადი ინფორმაცია |
| ფიქსირებული სიგრძის საკონტროლო ველი |
230703s2015ge xxu||||| |||| 00| 0 geo d |
| 020 ## - წიგნის საერთაშორისო სტანდარტული ნომერი |
| International Standard Book Number |
9789941081750 |
| 041 ## - ენის კოდი |
| Language code of text/sound track or separate title |
geo |
| 080 ## - უნივერსალური ათობითი კლასიფიკაციის ინდექსი |
| Universal Decimal Classification number |
32.001(479.22) გ-59 |
| 100 ## - მთავარი ჩანაწერი - პიროვნების სახელი |
| Personal name |
გოგიაშვილი, ომარ. |
| 9 (RLIN) |
15548 |
| 245 ## - ცნობა სათაურის შესახებ |
| Title |
ილია დღეს : პოლიტიკური ფილოსოფია, იდეოლოგია, პოლიტიკა, პოლიტიკოსები |
| Remainder of title |
წ. 4 / |
| Statement of responsibility, etc |
ომარ გოგიაშვილი ; რედ. როინ მეტრეველი. |
| 250 ## - გამოცემის ცნობა |
| Edition statement |
[მე-2 შევსებული გამოცემა] |
| 264 ## - წარმოების, გამოცემის, დისტრიბუციის და სხვა ცნობები |
| გამოცემის, წარმოების, დისტრიბუციის... ადგილი |
თბილისი, |
| გამოცემის, წარმოების, დისტრიბუციის... თარიღი |
2015. |
| 300 ## - ფიზიკური აღწერა |
| Extent |
600 გვ. |
| Other physical details |
24 სმ. |
| 501 ## - შენიშვნა თანმხლებ მასალაზე |
| With note |
სახელთა საძიებელი: გვ. 591-597. |
| 504 ## - BIBLIOGRAPHY, ETC. NOTE |
| Bibliography, etc |
ბიბლიოგრაფია: გვ. 586-590. |
| 653 ## - INDEX TERM--UNCONTROLLED |
| Uncontrolled term |
ქართული პოლიტიკური აზრის ისტორია. |
| 653 ## - INDEX TERM--UNCONTROLLED |
| Uncontrolled term |
ქართველი მწერლები -- პოლიტიკური შეხედულებები. |
| 700 ## - ADDED ENTRY--PERSONAL NAME |
| Personal name |
მეტრეველი, როინ |
| Relator term |
რედაქტორი |
| 9 (RLIN) |
19130 |
| 942 ## - ADDED ENTRY ELEMENTS (KOHA) |
| Source of classification or shelving scheme |
|
| Koha item type |
წიგნი |